Learning Resource and Development

Stress coping strategies of the elderly in selected barangays in Bombon, Camarines Sur / (Record no. 11229)

MARC details
000 -LEADER
fixed length control field 00851nam a22002297a 4500
005 - DATE AND TIME OF LATEST TRANSACTION
control field 20240701112507.0
008 - FIXED-LENGTH DATA ELEMENTS--GENERAL INFORMATION
fixed length control field 210323t xxu||||| |||| 00| 0 eng d
040 ## - CATALOGING SOURCE
Transcribing agency CSPC
090 ## - LOCALLY ASSIGNED LC-TYPE CALL NUMBER (OCLC); LOCAL CALL NUMBER (RLIN)
Classification number (OCLC) (R) ; Classification number, CALL (RLIN) (NR) MTH MAN M825
100 1# - MAIN ENTRY--PERSONAL NAME
Personal name Morin, Maria Victoria B. Cortez-,
Relator term author.
245 10 - TITLE STATEMENT
Title Stress coping strategies of the elderly in selected barangays in Bombon, Camarines Sur /
Statement of responsibility, etc. Maria Victoria B. Cortez-Morin.
260 ## - PUBLICATION, DISTRIBUTION, ETC.
Place of publication, distribution, etc. Nabua, Camarines Sur :
Name of publisher, distributor, etc. Camarines Sur Polytechnic Colleges;
Date of publication, distribution, etc. 2006.
300 ## - PHYSICAL DESCRIPTION
Extent 97 leaves
502 ## - DISSERTATION NOTE
Dissertation note Masters Thesis (MAN) - Nursing.
Name of granting institution Camarines Sur Polytechnic Colleges, 2006.
720 ## - ADDED ENTRY--UNCONTROLLED NAME
Name Orobia, Santos M.,
Relator term adviser
720 ## - ADDED ENTRY--UNCONTROLLED NAME
Name Orobia, Santos M.,
Relator term panelist, chair
720 ## - ADDED ENTRY--UNCONTROLLED NAME
Name De Alban, Ma. Teresa G.,
Relator term panelist
720 ## - ADDED ENTRY--UNCONTROLLED NAME
Name Fajardo, Luzviminda A.,
Relator term panelist
940 ## - EQUIVALENCE OR CROSS-REFERENCE--UNIFORM TITLE [OBSOLETE] [CAN/MARC only]
Uniform title <a href="Lenie">Lenie</a>
942 ## - ADDED ENTRY ELEMENTS (KOHA)
Koha item type Unpublished Materials
Source of classification or shelving scheme Dewey Decimal Classification
Holdings
Withdrawn status Lost status Source of classification or shelving scheme Damaged status Not for loan Home library Current library Shelving location Date acquired Total Checkouts Full call number Barcode Date last seen Copy number Price effective from Koha item type
    Dewey Decimal Classification     Main Library Main Library Graduate School Library 05/12/2023   MTH MAN M825s 2006 5611UM 05/12/2023 1-1 05/12/2023 Unpublished Materials